Nový príbeh o siedmych dňoch stvorenia

Bibliographic Details
Main Author: Nandrásky, Karol, 1927-2016 (Author)
Format: Article
Language:Slovak
ISSN:0139-8768
Subjects:

MARC

LEADER 00000nab a2200000 a 4500
001 vtls000813854
003 SK-MaSNL
005 20260302150937.0
008 140402c2002 xo 0 slo
015 |a SNBRB2002/11-36033 
035 |a CLN000165509 
040 |a SNKBUCL  |b slo  |c SNKBUCL  |e AACR2 
041 0 |a slo 
044 |a xo  |c SK 
080 |a 213  |2 1997 
100 1 |a Nandrásky, Karol,  |d 1927-2016  |4 aut  |9 86643 
245 1 0 |a Nový príbeh o siedmych dňoch stvorenia  |c Karol Nandrásky 
650 0 7 |a stvorenie sveta  |2 snkbucl  |9 1984 
655 7 |a články z novín a časopisov  |2 snkbucl  |9 267496 
773 0 |t Evanjelický posol spod Tatier  |g Roč. 92, č. 33 (2002), s. 10  |x 0139-8768 
850 |a Slovenská národná knižnica v Martine 
852 |a SNK  |b KIS3GCP 
958 |a SK 
992 |a RBX 
999 |c 1358610  |d 1360540